Sindbad, o marinheiro (Registo nº 3779)

Detalhes MARC
000 -Etiqueta do registo
Cabeçalho 00802nam a2200265 4500
005 - Identificador da versão
Campo de controlo 20240813122043.0
095 ## -
-- PTBN00514646
010 ## - Número internacional normalizado dos livros (ISBN)
Número (ISBN) 9726951577
021 ## - Número do Depósito Legal
Código do país PT
Número 65761/93
100 ## - Dados gerais de processamento
Dados gerais de processamento 19931124d1993 d y0pory5003 ba
102 ## - Pais de publicação ou produção
País de publicação Portugal
101 1# - Língua de publicação
Língua do texto, banda sonora, etc. Português
Língua do texto intermédio quando não traduzido do original Francês
Língua do documento no original Árabe
215 ## - Descrição física 
Indicação específica da natureza do documento e extensão da espécie 95 p.
Outras indicações físicas il.
Dimensões 19 cm
200 1# - Titulo e menção de responsabilidade
Título próprio Sindbad, o marinheiro
Primeira menção de responsabilidade versão portuguesa António José Massano
Outras menções de responsabilidade il. Gustave Doré
225 1# - Colecção 
Título próprio da colecção Contos de as mil e uma noites
Indicação de volume 3
210 ## - Publicação, Distribuição, etc. 
Lugar da edição, distribuição, etc. Lisboa
Nome do editor, distribuidor, etc. Teorema
Data da publicação, distribuição, etc. D.L. 1993
606 ## - Nome comum usado como assunto
Número de registo de entrada de autoridade 0000001
Palavra de ordem Literatura portuguesa
Subdivisão de assunto Conto|2CA
675 ## - Classificação Decimal Universal (CDU)
Notação 821.134.3-34
Edição 3ª ed.
Língua da edição por
702 #1 - Nome de autor-pessoa física (responsabilidade secundária)
Número de registo de entrada de autoridade 0000199
Palavra de ordem Massano
Outra parte do nome não tomada para palavra de ordem António José
Código de função Tradutor
Número de registo de entrada de autoridade 0000200
Palavra de ordem Doré
Outra parte do nome não tomada para palavra de ordem Gustave
Datas 1832-1883
Código de função Ilustrador / Técnico de desenho computorizado
942 ## - Elementos de entrada adicionados (Koha)
Tipo de item no Koha Livro
Exemplares
Situação do levantamento Origin of item (home branch) (coded) Biblioteca de empréstimo Código de barras Cota Circulation type (not for loan) Tipo de documento Nota do exemplar Damaged status
  Biblioteca Escolar das Vendas Biblioteca Escolar das Vendas BEV361 8POR MAS   Livro Sem mensagem